Líderes en acción: como formar lideres en todos los niveles de una organización (Registro nro. 2029)

Detalles MARC
000 -Cabecera
Campo de control de longitud fija 00868aam a2200301 4500
005 - Fecha y hora de la última transacción
Campo de control 20250820183245.0
008 - Elementos de longitud fija--Información general
Campo de control de longitud fija 150721b xxu||||| |||| 00| 0 spa d
041 ## - Idioma
Código de idioma
082 ## - Clasificación Decimal Dewey
Número de clasificación 658.409.2 T555l
100 ## - Entrada principal--Autor personal
Nombre personal Tichy, Noel M.
9 (RLIN) 16635
245 ## - Título propiamente dicho
Título Líderes en acción: como formar lideres en todos los niveles de una organización
260 ## - Pie de imprenta
Lugar de publicación, distribución, etc. México
260 ## - Pie de imprenta
Nombre del editor, distribuidor, etc. Continental
260 ## - Pie de imprenta
Fecha de publicación, distribución, etc. 2003
300 ## - Descripción física
Extensión 428 páginas
490 ## - Serie
Título de la Serie Dirección y Administración de empresas
650 ## - Materia general
Temática (materia general) LIDERAZGO EJECUTIVO
650 ## - Materia general
Temática (materia general) LIDERAZGO ORGANIZACIONAL
650 ## - Materia general
Temática (materia general) DESARROLLO DE LIDERAZGO
650 ## - Materia general
Temática (materia general) FORMACIÓN DE LIDERES
650 ## - Materia general
Temática (materia general) CULTURA ORGANIZACIONAL
650 ## - Materia general
Temática (materia general) ESTRATEGIAS DE LIDERAZGO
650 ## - Materia general
Temática (materia general) LIDERES
650 ## - Materia general
Temática (materia general) ORGANIZACIONES
650 ## - Materia general
Temática (materia general) IDEAS EXITOSAS
650 ## - Materia general
Temática (materia general) EMPRESAS EXITOSAS
942 ## - Punto de acceso adicional KOHA
Tipo de ítem KOHA Libro
Fuente del sistema de clasificación o colocación Dewey Decimal Classification
Existencias
Signatura completa Código de barras Programa Académico Tipo de ítem
658.409.2 T428li 11567 Dirección y Administración de Empresas Libro